Návrh crash boxu

Saved in:
Bibliographic Details
Main Author: Házi, Attila (Author)
Other Authors: Magdolen, Ľuboš (Thesis advisor)
Format: Manuscript Book
Language:Slovak
Published: 2021
Subjects:
Online Access:http://is.stuba.sk/zp/portal_zp.pl?podrobnosti=150431
Tags: Add Tag
No Tags, Be the first to tag this record!

MARC

LEADER 00000ntm a22000003a 4500
001 stuzp85989
003 SK-STU
005 20210717210737.7
007 ta
008 150427s2015----xo-----f-mn---000-0-slo-d
040 |a STU  |b slo 
041 0 |a slo 
100 1 |a Házi, Attila  |u 020030  |4 aut  |U SjF Strojnícka fakulta  |T SjF Ústav dopravnej techniky a konštruovania  |X 98681  |U J0030  |Y 806  |7 98681 
242 0 1 |a Crash box design  |y eng 
245 1 0 |a Návrh crash boxu 
260 |c 2021 
650 4 |a Deformačné zóny  |2 slo 
650 4 |a Tlmič nárazu  |2 slo 
650 4 |a Pasívna bezpečnosť  |2 slo 
650 4 |a passive safety  |2 eng 
650 4 |a deformation zones  |2 eng 
650 4 |a crash box  |2 eng 
700 1 |a Magdolen, Ľuboš  |u 020030  |k Z1  |4 ths  |U SjF Strojnícka fakulta  |T SjF Ústav dopravnej techniky a konštruovania  |X 2362  |U J0030  |Y 806  |7 A00002362 
856 4 |u http://is.stuba.sk/zp/portal_zp.pl?podrobnosti=150431 
996 |b 284J046594  |c J* 3274/DBP  |l JJSK  |s A  |a 24  |w stuzp85989_0001